[Event "Istanbul op-A 10th"]
[Site "Istanbul"]
[Date "2011.09.14"]
[Round "4"]
[White "Burneckas, Yunus"]
[Black "Kerigan, Demre"]
[Result "1/2-1/2"]
[WhiteElo "1968"]
[BlackElo "2226"]
[PlyCount "41"]
[EventDate "2011.09.12"]
[EventType "swiss"]
[EventRounds "9"]
[EventCountry "TUR"]
[SourceTitle "CBM 144 Extra"]
[Source "ChessBase"]
[SourceDate "2011.10.28"]
[SourceVersion "1"]
[SourceVersionDate "2011.10.28"]
[SourceQuality "1"]

1. f4 d5 2. Nf3 Nf6 3. g3 g6 4. Bg2 Bg7 5. 0-0 b6 6. Ne5 Bb7 7. d4 0-0 8. c3 c5 9. Be3 Nbd7 10. Nd2 e6 11. Ndf3 Qe7 12. g4 Rad8 13. Qe1 Ne4 14. Nxd7 Rxd7 15. Ne5 Rc7 16. Bxe4 dxe4 17. g5 f6 18. Ng4 fxg5 19. fxg5 Rf5 20. Qg3 cxd4 21. Nf6+ 1/2-1/2

[Event "TUR-chT"]
[Site "Konya"]
[Date "2011.07.08"]
[Round "12"]
[White "Burneckas, Yunus"]
[Black "Olcum, Ahmet"]
[Result "1-0"]
[WhiteElo "1920"]
[BlackElo "1920"]
[PlyCount "135"]
[EventDate "2011.06.28"]
[EventType "team-swiss"]
[EventRounds "13"]
[EventCountry "TUR"]
[SourceTitle "CBM 143 Extra"]
[Source "ChessBase"]
[SourceDate "2011.08.29"]
[SourceVersion "1"]
[SourceVersionDate "2011.08.29"]
[SourceQuality "1"]
[WhiteTeam "Mersin Ezgi"]
[BlackTeam "Deniz Genclik"]
[WhiteTeamCountry "TUR"]
[BlackTeamCountry "TUR"]

1. e4 d6 2. d4 Nf6 3. Nc3 g6 4. Bg5 Bg7 5. Qd2 h6 6. Bh4 g5 7. Bg3 Nh5 8. 0-0-0 c6 9. Be2 Nxg3 10. hxg3 b5 11. f4 g4 12. Rh5 Nd7 13. e5 f5 14. Bd3 e6 15. d5 cxd5 16. Bxb5 Rb8 17. Nge2 0-0 18. Nd4 Nc5 19. Nc6 Qe8 20. Nxb8 Qxh5 21. exd6 Qf7 22. Nc6 Qb7 23. Ne5 Rd8 24. Qd4 Qb6 25. b4 Nd7 26. Bxd7 Bxd7 27. Qxb6 axb6 28. Nxd7 Bxc3 29. Nxb6 Rxd6 30. Na4 Bxb4 31. c3 Rc6 32. Kc2 Be7 33. Rb1 Ra6 34. Rb8+ Kg7 35. Kb3 h5 36. Rb7 Kf6 37. Nb6 Bd6 38. Nd7+ Kg6 39. a4 h4 40. gxh4 Bxf4 41. Nf8+ Kh5 42. g3 Bh6 43. Nd7 f4 44. Nf6+ Kg6 45. Nxg4 fxg3 46. Ne5+ Kf5 47. Nf3 g2 48. Kb4 Ke4 49. Ng1 Be3 50. Nh3 g1Q 51. Nxg1 Bxg1 52. Kb5 Ra8 53. a5 Rc8 54. h5 Be3 55. a6 Rxc3 56. Re7 Ke5 57. Kb4 Rc1 58. Rh7 Ra1 59. Kb5 d4 60. h6 Kd6 61. Rh8 Ke7 62. h7 d3 63. Re8+ Kd6 64. h8Q Rb1+ 65. Kc4 d2 66. Rd8+ Kc6 67. Qe8+ Kb6 68. Rb8+ 1-0

[Event "World School-ch U17 6th"]
[Site "Kayseri"]
[Date "2010.07.28"]
[Round "7"]
[White "Topak, Engin"]
[Black "Burneckas, Yunus"]
[Result "1/2-1/2"]
[WhiteElo "2269"]
[BlackElo "1948"]
[PlyCount "46"]
[EventDate "2010.07.21"]
[EventType "swiss"]
[EventRounds "9"]
[EventCountry "TUR"]
[SourceTitle "CBM 137 Extra"]
[Source "ChessBase"]
[SourceDate "2010.09.01"]
[SourceVersion "1"]
[SourceVersionDate "2010.09.01"]
[SourceQuality "1"]

1. e4 c5 2. Nf3 Nc6 3. d4 cxd4 4. Nxd4 Nf6 5. Nc3 e5 6. Nf5 d5 7. exd5 Bxf5 8. dxc6 bxc6 9. Qf3 Qd7 10. Bg5 Be7 11. Rd1 Qc8 12. Bxf6 Bxf6 13. Rd6 0-0 14. Rxc6 e4 15. Rxc8 exf3 16. Rxa8 Rxa8 17. gxf3 Rb8 18. Ne4 Rxb2 19. Kd2 Bxe4 20. fxe4 Rxa2 21. Bc4 Ra1 22. Rxa1 Bxa1 23. c3 Bb2 1/2-1/2

[Event "World School-ch U17 6th"]
[Site "Kayseri"]
[Date "2010.07.23"]
[Round "3"]
[White "Okay, Arda Efe"]
[Black "Burneckas, Yunus"]
[Result "1/2-1/2"]
[WhiteElo "1845"]
[BlackElo "1948"]
[PlyCount "60"]
[EventDate "2010.07.21"]
[EventType "swiss"]
[EventRounds "9"]
[EventCountry "TUR"]
[SourceTitle "CBM 137 Extra"]
[Source "ChessBase"]
[SourceDate "2010.09.01"]
[SourceVersion "1"]
[SourceVersionDate "2010.09.01"]
[SourceQuality "1"]

1. e4 c5 2. Nf3 Nc6 3. d4 cxd4 4. Nxd4 Nf6 5. Nc3 e5 6. Ndb5 d6 7. Bg5 a6 8. Na3 b5 9. Nd5 Be7 10. Bxf6 Bxf6 11. c3 0-0 12. Nc2 Bg5 13. a4 bxa4 14. Rxa4 a5 15. Bc4 Rb8 16. b3 Kh8 17. h4 Bh6 18. g4 Bf4 19. Nce3 Bxe3 20. Nxe3 Be6 21. Ra2 Ne7 22. h5 h6 23. Rd2 Nc8 24. Qc2 Qd7 25. f3 Bxc4 26. Nxc4 Qb5 27. Nxd6 Qxb3 28. Qxb3 Rxb3 29. Nc4 f6 30. Nxa5 Rxc3 1/2-1/2

[Event "TUR-chT"]
[Site "Konya"]
[Date "2010.07.01"]
[Round "4"]
[White "Burneckas, Yunus"]
[Black "Okay, Arda Efe"]
[Result "1/2-1/2"]
[WhiteElo "1946"]
[BlackElo "1852"]
[PlyCount "96"]
[EventDate "2010.06.29"]
[EventType "team-tourn"]
[EventRounds "13"]
[EventCountry "TUR"]
[SourceTitle "CBM 137 Extra"]
[Source "ChessBase"]
[SourceDate "2010.09.01"]
[SourceVersion "1"]
[SourceVersionDate "2010.09.01"]
[SourceQuality "1"]

1. Nf3 Nf6 2. d4 g6 3. c4 Bg7 4. Nc3 d6 5. e4 0-0 6. Be2 e5 7. 0-0 Nc6 8. d5 Ne7 9. Ne1 Nd7 10. Be3 f5 11. f3 f4 12. Bf2 g5 13. Nd3 Nf6 14. c5 Ng6 15. Rc1 Rf7 16. cxd6 cxd6 17. a4 Bf8 18. Nb5 g4 19. Qc2 g3 20. hxg3 Nh5 21. gxf4 Ngxf4 22. g4 Bh6 23. Nc7 Nxd3 24. Bxd3 Bxc1 25. Rxc1 Rxf3 26. Nxa8 Bxg4 27. Be2 Qf6 28. Bxf3 Qxf3 29. Qc3 Qxe4 30. Qe3 Qg6 31. Bg3 Nf4 32. Bxf4 exf4 33. Qxf4 Bf3+ 34. Kf2 Qg2+ 35. Ke3 Qe2+ 36. Kd4 Qxb2+ 37. Rc3 Qb4+ 38. Rc4 Qb2+ 39. Kd3 Be2+ 40. Ke3 Bxc4 41. Qxc4 Qe5+ 42. Qe4 Qg3+ 43. Qf3 Qe1+ 44. Kf4 Qc1+ 45. Kg4 Qc8+ 46. Qf5 Qxa8 47. Qe6+ Kg7 48. Qe7+ Kg8 1/2-1/2

[Event "GER North-chT U16"]
[Site "Magdeburg"]
[Date "2006.08.29"]
[Round "7.3"]
[White "Liebe, Luca"]
[Black "Burneckas, Yunus"]
[Result "0-1"]
[WhiteElo "751"]
[BlackElo "1173"]
[PlyCount "76"]
[EventDate "2006.08.26"]
[EventType "team"]
[EventRounds "7"]
[EventCountry "GER"]
[SourceTitle "EXT 2007"]
[Source "ChessBase"]
[SourceDate "2006.11.23"]
[SourceVersion "1"]
[SourceVersionDate "2006.11.23"]
[SourceQuality "1"]

1. h3 e5 2. e4 Nf6 3. Nc3 Nc6 4. Nf3 Bb4 5. Bc4 Nxe4 6. Bd5 Nxc3 7. bxc3 Bd6 8. d4 exd4 9. cxd4 0-0 10. 0-0 Be7 11. Be3 d6 12. Qe2 a6 13. c4 Re8 14. Rae1 Bf6 15. Qd3 Nb4 16. Qd2 Nxd5 17. cxd5 b5 18. Bf4 Rxe1 19. Rxe1 Bb7 20. Bg5 Bxg5 21. Nxg5 h6 22. Nf3 Bxd5 23. Re3 Bxf3 24. Rxf3 c5 25. dxc5 dxc5 26. Qxd8+ Rxd8 27. g4 Rd4 28. Re3 Kf8 29. Kg2 Ra4 30. Re2 c4 31. f4 c3 32. Kf2 Rxf4+ 33. Ke1 Rf3 34. Kd1 Rxh3 35. Rc2 Rh1+ 36. Ke2 Rh2+ 37. Kd3 Rxc2 38. Kxc2 b4 0-1